Govt. of
Madhya Pradesh

Putting People last (Record no. 491)

MARC details
000 -LEADER
fixed length control field 005150000a22001930004500
001 - CONTROL NUMBER
control field 000490
003 - CONTROL NUMBER IDENTIFIER
control field MACL
005 - DATE AND TIME OF LATEST TRANSACTION
control field 20150707161500.0
008 - FIXED-LENGTH DATA ELEMENTS--GENERAL INFORMATION
fixed length control field 150707b xxu||||| |||| 00| 0 eng d
040 ## - CATALOGING SOURCE
Original cataloging agency MACL
Transcribing agency MACL
041 ## - LANGUAGE CODE
Language code of text/sound track or separate title English
082 ## - DEWEY DECIMAL CLASSIFICATION NUMBER
Classification number 307.7/SAK
100 ## - MAIN ENTRY--PERSONAL NAME
Personal name Saksena, H.S.
9 (RLIN) 1302
245 ## - TITLE STATEMENT
Title Putting People last
Remainder of title Tribal Displacement And Rehabilitation
Statement of responsibility, etc. H.S. Saksena
260 ## - PUBLICATION, DISTRIBUTION, ETC. (IMPRINT)
Place of publication, distribution, etc. New Delhi
Date of publication, distribution, etc. 1999
Name of publisher, distributor, etc. Inter I̜ndia Publication,
350 ## - PRICE (NR) (BK AM CF MU VM SE) [OBSOLETE]
Price 450
650 ## - SUBJECT ADDED ENTRY--TOPICAL TERM
Topical term or geographic name as entry element Communities
9 (RLIN) 1107
942 ## - ADDED ENTRY ELEMENTS (KOHA)
Call number prefix 308
Koha item type Books
Source of classification or shelving scheme
Holdings
Withdrawn status Lost status Source of classification or shelving scheme Damaged status Not for loan Home library Current library Date acquired Cost, normal purchase price Total Checkouts Full call number Barcode Date last seen Uniform Resource Identifier Price effective from Koha item type
          MACL MACL 15/04/2015 450.00   307.7/SAK CRE012832 02/05/2024 489 15/04/2015 Books